01129nam a2200193Ia 4500001001000000003001000010008004100020040002500061041001200086100001600098245005200114250001100166260008600177300002700263500026000290501011400550520026000664650001100924L160-1519IT-CnALBA170116s9999||||xx |||||||||||||| ||und|| aIT-CnALBAcIT-CnALBA aLATINO  aVIGLINO UGO 0aLOGICA E GENERALIS INTRODUCTIO IN PHILOSOPHIAM  a1a ed. a TORINO, ROMAbMISSIONI CONSOLATA c1941 [1° Ed.:1941 - Ed.Ling.Originale: 1941] a402 p. (prefazione: 7) aBIBLIOTECA CAN. CHIESA. INTRODUZIONE ALLA FILOSOFIA. INTRODUZIONE ALLA LOGICA. IL CONCETTO. IL TERMINE. PREDICABIBLI. PREDICAMENTI. GIUDIZIO. PROPOSIZIONE. SILLOGISMO. INDUZIONE. LA SCIENZA. IL METODO DELLA SCIENZA IN GENERE. METODO DELLA SCIENZA IN PARTI aSocietà San Paolo EM - Piazza San Paolo, 14 - 12051 ALBA (CN) (non commercial uses only) ® Copyright 2017 aBIBLIOTECA CAN. CHIESA. INTRODUZIONE ALLA FILOSOFIA. INTRODUZIONE ALLA LOGICA. IL CONCETTO. IL TERMINE. PREDICABIBLI. PREDICAMENTI. GIUDIZIO. PROPOSIZIONE. SILLOGISMO. INDUZIONE. LA SCIENZA. IL METODO DELLA SCIENZA IN GENERE. METODO DELLA SCIENZA IN PARTI aLOGICA